000 00468nam a2200157 a 4500
001 000026899
005 20250219170734.0
008 110328s1977 dr 000 0 spa d
040 _aDO-SdBNP
_bspa
_cBNPHU
082 _axxxx
_bI39b
245 0 0 _aIndicadores básicos.
260 _a[Santo Domingo] :
_bONAPLAN,
_c1977.
300 _a148 p. ;
_c27 cm.
710 1 _aRepública Dominicana.
_bMinisterio de Economía, Planificación y Desarrollo
_966142
049 _aBNPD
999 _c26391
_d26391